Corpus de la antigua lírica popular hispánica (Record no. 49034)

MARC details
000 -LEADER
campo de control de longitud fija 00877nam a2200241 i 4500
001 - NÚMERO DE CONTROL
campo de control 49034
003 - IDENTIFICADOR DE NÚMERO DE CONTROL
campo de control ES-MaACL
005 - FECHA Y HORA DE LA ÚLTIMA TRANSACCIÓN
campo de control 20230906161853.0
007 - CAMPO FIJO DE DESCRIPCIÓN FÍSICA--INFORMACIÓN GENERAL
campo de control de longitud fija t|
008 - DATOS DE LONGITUD FIJA--INFORMACIÓN GENERAL
campo de control de longitud fija 030704s1987 sp ||||1| spa d
020 ## - NÚMERO INTERNACIONAL ESTÁNDAR DEL LIBRO
Número Internacional Estándar del Libro 84-7039-491-6
245 00 - MENCIÓN DEL TÍTULO
Título Corpus de la antigua lírica popular hispánica
Resto del título : (siglos XV a XVII) /
Mención de responsabilidad, etc. [recopilado por] Margit Frenk ; colaboración técnica, John Albert Bickford, Kathryn Kruger-Hickman.
260 ## - PUBLICACIÓN, DISTRIBUCIÓN, ETC.
Lugar de publicación, distribución, etc. Madrid :
Nombre del editor, distribuidor, etc. Castalia,
Fecha de publicación, distribución, etc. [1987]
300 ## - DESCRIPCIÓN FÍSICA
Extensión LVIII, 1249 p. 2 h. de lám. ;
Dimensiones 25 cm.
490 1# - MENCIÓN DE SERIE
Mención de serie Nueva biblioteca de erudición y crítica
504 ## - NOTA DE BIBLIOGRAFÍA, ETC.
Nota de bibliografía, etc. Bibliografía.
700 1# - ENTRADA AGREGADA--NOMBRE PERSONAL
Nombre de persona Frenk Alatorre, Margit.
9 (RLIN) 52510
700 1# - ENTRADA AGREGADA--NOMBRE PERSONAL
Nombre de persona Bickford, John Albert.
9 (RLIN) 28782
700 1# - ENTRADA AGREGADA--NOMBRE PERSONAL
Nombre de persona Kruger-Hickman, Kathryn.
9 (RLIN) 68906
830 0# - PUNTO DE ACCESO ADICIONAL DE SERIE-TÍTULO UNIFORME
Título uniforme Nueva biblioteca de erudición y crítica
9 (RLIN) 180432
852 ## - LOCALIZACIÓN
Ubicación ES-MaACL
Número de control de estantería L-12284
Holdings
Estatus retirado Estado de pérdida Estado de daño No para préstamo Biblioteca de origen Biblioteca actual Ubicación en estantería Fecha de adquisición Fuente de adquisición Total de préstamos Signatura topográfica completa Código de barras Visto por última vez Precio de reemplazo Tipo de ítem Koha
        Biblioteca del Ateneo de Madrid Biblioteca del Ateneo de Madrid Depósito 2 17/01/2008     L-12284 1051601 23/02/2023 23/02/2023 Libro impreso